| 000 | 00000nas 2200000zi 4500 |
| 001 | 9.808264 |
| 003 | CaOODSP |
| 005 | 20231129100506 |
| 006 | m o d f |
| 007 | cr ||||||||||| |
| 008 | 150406d20152015oncar p o f0 a0eng|d |
| 040 | |aCaOODSP|beng|erda|cCaOODSP |
| 043 | |an-cn--- |
| 086 | 1 |aFB2-39E-PDF |
| 110 | 2 |aBank of Canada.|eissuing body |
| 245 | 10|aBank of Canada oversight activities, ... annual report. |
| 264 | 1|aOttawa : |bBank of Canada = Banque du Canada |
| 310 | |aAnnual |
| 336 | |atext|btxt|2rdacontent |
| 337 | |acomputer|bc|2rdamedia |
| 338 | |aonline resource|bcr|2rdacarrier |
| 362 | 1 |aBegan and ceased with 2015. |
| 500 | |aIssued also in French under title: Activités de surveillance menées par la Banque du Canada, rapport annuel ... |
| 588 | |aDescription based on: 2015. |
| 588 | |aLatest issue consulted: 2015. |
| 610 | 20|aBank of Canada|vPeriodicals. |
| 650 | 0|aGovernment financial institutions|zCanada. |
| 655 | 7|aPeriodicals|2lcgft |
| 775 | 08|tActivités de surveillance menées par la Banque du Canada, rapport annuel ... |w(CaOODSP)9.808266 |
| 785 | 00|tBank of Canada FMI oversight activities : |w(CaOODSP)9.890241 |